000 00705nam a2200181Ia 4500
999 _c12289
_d12289
082 _aTS.0459
100 _aSahasrabudhe, S.A.
245 0 _aCritical study of the problems of Government accounting : With special reference to India
260 _c1977
_bNagpur University
300 _a331p. + C D - 58
650 _aGOVERNMENT COMPANIES//GOVERNMENT BUSINESS ENTERPRISES - ACCOUNTING
650 _aFINANCE, PUBLIC - INDIA - ACCOUNTING
650 _aBUSINESS ENTERPRISES, GOVERNMENT//GOVERNMENT BUSINESS ENTERPRISES - ACCOUNTING
650 _aGOVERNMENT BUSINESS ENTERPRISES - ACCOUNTING
650 _aPUBLIC ENTERPRISES//GOVERNMENT BUSINESS ENTERPRISES
710 _aGarge, B.N.
942 _cTH
_2ddc